000 01457nam a22003134a 4500
001 ebr10054991
003 CaPaEBR
006 m u
007 cr cn|||||||||
008 000317s1999 dcu sb 000 0 eng
010 _z 00500961
020 _z0309066484
040 _aCaPaEBR
_cCaPaEBR
035 _a(OCoLC)44959070
050 1 4 _aGB658.7
_b.H93 1999eb
082 0 4 _a551.49/072073
_221
245 0 0 _aHydrologic science priorities for the U.S. Global Change Research Program
_h[electronic resource] :
_ban initial assessment /
_cCommittee on Hydrologic Science, Water Science and Technology Board, Board on Atmospheric Sciences and Climate, Commission on Geosciences, Environment, and Resources, National Research Council.
260 _aWashington, DC :
_bNational Academy Press,
_cc1999.
300 _axi, 34 p.
490 1 _aThe Compass series
504 _aIncludes bibliographical references (p. 31-32).
533 _aElectronic reproduction.
_bPalo Alto, Calif. :
_cebrary,
_d2013.
_nAvailable via World Wide Web.
_nAccess may be limited to ebrary affiliated libraries.
610 2 0 _aU.S. Global Change Research Program.
650 0 _aHydrology
_xResearch
_zUnited States.
655 7 _aElectronic books.
_2local
710 2 _aebrary, Inc.
830 0 _aCompass series (Washington, D.C.)
856 4 0 _uhttp://site.ebrary.com/lib/rucke/Doc?id=10054991
_zAn electronic book accessible through the World Wide Web; click to view
999 _c165658
_d165658